Australia by Letter - H - Statistics

General Stats
  • This quiz has been taken 19 times
  • The average score is 8 of 10
Answer Stats
Hint Answer % Correct
Capital of Tasmania Hobart
100%
Last name of actor brothers Chris, Liam and Luke Hemsworth
94%
First name of actor _____ Ledger, who starred as the Joker Heath
89%
"We're _____ little Vegemites, as bright as bright can be" Happy
83%
"Any boss who sacks anyone for not turning up today is a bum," said this Prime Minister when Australia won the America's cup in 1983 Bob Hawke
72%
Prime Minister who mysteriously disappeared at Victoria's Cheviot Beach in 1967 Harold Holt
72%
Former car maker whose Kingswood, Torana and Commodore models are now collector items Holden
72%
A brumby is this type of animal Horse
67%
Rotary clothes line seen in many Australian backyards Hills Hoist
56%
Australia's "Whale Watching Capital", in Queensland's Wide Bay region Hervey Bay
50%
No matching quizzes found
Score Distribution
Percent of People with Each Score
Percentile by Number Answered
Your Score History
You have not taken this quiz